[Event "Toronto"]
[Site "Toronto CAN"]
[Date "1988.03.20"]
[Round "5"]
[White "Findlay, Ian"]
[Black "Pacey, Kevin"]
[Result "1/2-1/2"]
[WhiteElo "2426"]
[BlackElo "2242"]
[PlyCount "124"]
[GameId "2160767912583465"]
[EventDate "1988.??.??"]
[EventCountry "CAN"]
[SourceTitle "EXT 2022"]
[Source "ChessBase"]
[SourceDate "2021.10.06"]
[SourceVersion "1"]
[SourceVersionDate "2021.10.06"]
[SourceQuality "1"]

1. e4 e5 2. Nf3 Nc6 3. Bb5 a6 4. Ba4 Nf6 5. O-O b5 6. Bb3 Bb7 7. Re1 Bc5 8. c3 d6 9. d4 Bb6 10. Bg5 h6 11. Bh4 O-O 12. a4 Na5 13. Bc2 c5 14. d5 c4 15. Nbd2 Qe7 16. Nf1 Rfb8 17. Ne3 Bc8 18. Nd2 g6 19. h3 Kg7 20. Qf3 Bd8 21. Kh1 Qc7 22. g4 Nh7 23. Bg3 b4 24. Qe2 bxc3 25. bxc3 Rb2 26. Rec1 Bg5 27. Ndxc4 Nxc4 28. Qxc4 Ra7 29. Qd3 a5 30. c4 Ba6 31. Qc3 Rb4 32. c5 Qxc5 33. Bxe5+ Bf6 34. Qxc5 dxc5 35. Bxf6+ Nxf6 36. Kg2 Nxe4 37. Bxe4 Rxe4 38. Rxc5 Bb7 39. Kg3 Kf6 40. Rb1 Ba8 41. Rb6+ Ke7 42. Nc4 Rd7 43. f3 Rd4 44. Ne5 Ra7 45. Nc6+ Kd6 46. Rcb5 Bxc6 47. dxc6 Rxa4 48. Rb7 Kxc6 49. R5b6+ Kc5 50. Rxa7 Kxb6 51. Rxf7 Rc4 52. Rh7 a4 53. Rxh6 Rc6 54. Rh8 Kb5 55. Rd8 a3 56. Kf4 a2 57. Rd1 Rf6+ 58. Ke4 Kc4 59. h4 Kc3 60. f4 Re6+ 61. Kd5 Re8 62. Rf1 Rb8 1/2-1/2

[Event "Toronto"]
[Site "Toronto CAN"]
[Date "1988.03.24"]
[Round "6"]
[White "Pacey, Kevin"]
[Black "Morrison, Robert"]
[Result "1-0"]
[WhiteElo "2242"]
[BlackElo "2360"]
[PlyCount "73"]
[GameId "2160767739985461"]
[EventDate "1988.??.??"]
[EventCountry "CAN"]
[SourceTitle "EXT 2022"]
[Source "ChessBase"]
[SourceDate "2021.10.06"]
[SourceVersion "1"]
[SourceVersionDate "2021.10.06"]
[SourceQuality "1"]

1. e4 c5 2. Nf3 e6 3. Nc3 a6 4. g3 Nc6 5. Bg2 Nge7 6. O-O d6 7. d3 g6 8. Ne1 Bg7 9. f4 O-O 10. g4 f5 11. exf5 exf5 12. g5 Be6 13. h4 d5 14. h5 Qd6 15. h6 Bh8 16. Ne2 d4 17. c3 dxc3 18. bxc3 Rad8 19. Qc2 Nd5 20. Rb1 b5 21. Bd2 Rfe8 22. a3 Bf7 23. Kf2 Re7 24. Bf3 Nb6 25. Rd1 Na5 26. Nc1 c4 27. d4 Qxa3 28. Qa2 Qxa2 29. Nxa2 Nd5 30. Nc2 Nc6 31. Rfe1 Rde8 32. Rxe7 Rxe7 33. Re1 Kf8 34. Rxe7 Kxe7 35. Bc1 Kd7 36. Kg3 a5 37. Ne3 {time} 1-0

[Event "Toronto"]
[Site "Toronto CAN"]
[Date "1988.03.27"]
[Round "7"]
[White "Kaminker, Harry"]
[Black "Pacey, Kevin"]
[Result "0-1"]
[WhiteElo "2281"]
[BlackElo "2242"]
[PlyCount "82"]
[GameId "2160767912583466"]
[EventDate "1988.??.??"]
[EventCountry "CAN"]
[SourceTitle "EXT 2022"]
[Source "ChessBase"]
[SourceDate "2021.10.06"]
[SourceVersion "1"]
[SourceVersionDate "2021.10.06"]
[SourceQuality "1"]

1. e4 g6 2. d4 Bg7 3. f3 c5 4. d5 d6 5. c4 Nd7 6. Ne2 a6 7. Nbc3 Ne5 8. Nf4 Nf6 9. Be2 O-O 10. O-O h6 11. g4 Qb6 12. h3 e6 13. Qc2 exd5 14. Nfxd5 Nxd5 15. Nxd5 Qd8 16. f4 Nc6 17. f5 Nb4 18. Nxb4 cxb4 19. Bf4 g5 20. Bg3 Qe7 21. Rfd1 Be5 22. Be1 Qf6 23. Bxb4 Bxb2 24. Rab1 Bd4+ 25. Kg2 a5 26. Be1 Re8 27. Qd3 Be5 28. Qd5 Ra6 29. c5 Rc6 30. Bf2 dxc5 31. Bb5 Rd6 32. Qxc5 Red8 33. Rxd6 Qxd6 34. Qxd6 Rxd6 35. Be3 Bd7 36. Bxd7 Rxd7 37. Rb5 Bc3 38. Rc5 Rd3 39. Kf3 Bd4 40. Rc8+ Kg7 41. f6+ Kh7 0-1

[Event "Toronto"]
[Site "Toronto CAN"]
[Date "1988.04.07"]
[Round "8"]
[White "Pacey, Kevin"]
[Black "Coakley, Jeff"]
[Result "1-0"]
[WhiteElo "2242"]
[BlackElo "2235"]
[PlyCount "77"]
[GameId "2160767912583467"]
[EventDate "1988.??.??"]
[EventCountry "CAN"]
[SourceTitle "EXT 2022"]
[Source "ChessBase"]
[SourceDate "2021.10.06"]
[SourceVersion "1"]
[SourceVersionDate "2021.10.06"]
[SourceQuality "1"]

1. e4 d5 2. Nc3 d4 3. Nce2 e5 4. Ng3 Be6 5. Nf3 Nd7 6. c3 dxc3 7. dxc3 f6 8. Qc2 Bc5 9. b4 Bb6 10. c4 c5 11. a3 Ne7 12. Nf5 Bxf5 13. exf5 Nc6 14. Bd2 a5 15. b5 Nd4 16. Qe4 Qc7 17. g3 O-O-O 18. Bg2 Rhe8 19. O-O Nf8 20. Rad1 Kb8 21. Rfe1 Ka7 22. Bc3 Rd6 23. Nxd4 cxd4 24. c5 Bxc5 25. Bxa5 b6 26. Rc1 Rb8 27. Rxc5 Qxc5 28. Bb4 Qc7 29. Bxd6 Qxd6 30. Qc2 Rb7 31. Qc8 Qc7 32. Bxb7 Qxb7 33. Qxf8 Qc7 34. Qe8 Qc3 35. Qe7+ Kb8 36. Qb4 Qc2 37. Qf8+ Ka7 38. Qxg7+ Kb8 39. Qxf6 1-0

[Event "Toronto"]
[Site "Toronto CAN"]
[Date "1988.04.14"]
[Round "9"]
[White "Southam, Todd"]
[Black "Pacey, Kevin"]
[Result "1-0"]
[WhiteElo "2306"]
[BlackElo "2242"]
[PlyCount "81"]
[GameId "2160767912583468"]
[EventDate "1988.??.??"]
[EventCountry "CAN"]
[SourceTitle "EXT 2022"]
[Source "ChessBase"]
[SourceDate "2021.10.06"]
[SourceVersion "1"]
[SourceVersionDate "2021.10.06"]
[SourceQuality "1"]

1. d4 Nf6 2. c4 e6 3. Nc3 Bb4 4. e3 b6 5. Bd3 Bb7 6. Nf3 c5 7. O-O O-O 8. Na4 cxd4 9. exd4 Re8 10. Bf4 Bf8 11. Rc1 d6 12. Re1 Nbd7 13. Nc3 a6 14. a3 g6 15. h3 Rc8 16. b4 Nh5 17. Bh2 Bh6 18. Rc2 Nf4 19. Bxf4 Bxf4 20. g3 Bh6 21. Be4 Bxe4 22. Nxe4 Bf8 23. d5 e5 24. c5 dxc5 25. d6 cxb4 26. axb4 Rxc2 27. Qxc2 Qc8 28. Qb3 h6 29. Nfg5 hxg5 30. Nxg5 Re6 31. Nxe6 fxe6 32. Qxe6+ Kg7 33. Rxe5 Qc6 34. Rd5 Nf6 35. Rd3 Qd7 36. Qe5 Kf7 37. g4 Qe6 38. Qd4 Nd7 39. Rf3+ Kg8 40. Re3 Qxd6 41. Qxd6 1-0

[Event "Toronto"]
[Site "Toronto CAN"]
[Date "1988.04.20"]
[Round "10"]
[White "Pacey, Kevin"]
[Black "Filipovich, David"]
[Result "1-0"]
[WhiteElo "2242"]
[BlackElo "2216"]
[PlyCount "63"]
[GameId "2160767912583469"]
[EventDate "1988.??.??"]
[EventCountry "CAN"]
[SourceTitle "EXT 2022"]
[Source "ChessBase"]
[SourceDate "2021.10.06"]
[SourceVersion "1"]
[SourceVersionDate "2021.10.06"]
[SourceQuality "1"]

1. e4 d6 2. d4 Nf6 3. Nc3 g6 4. f4 Bg7 5. Nf3 O-O 6. Be2 c5 7. dxc5 Qa5 8. O-O Qxc5+ 9. Kh1 Nc6 10. Qe1 Be6 11. Bd3 Nb4 12. Be3 Qh5 13. Ne2 Nxd3 14. cxd3 Bg4 15. f5 Bxf3 16. Rxf3 Ng4 17. Rh3 Qxh3 18. gxh3 Nxe3 19. Qf2 Nc2 20. Rd1 Rfc8 21. d4 Rc4 22. b3 Rc6 23. Rf1 Kh8 24. fxg6 fxg6 25. Qh4 Rac8 26. Qxe7 Ne3 27. Rg1 Rc2 28. Nf4 Bxd4 29. Qxd6 Rd2 30. Nxg6+ hxg6 31. Qxg6 Rxh2+ 32. Kxh2 1-0

[Event "Toronto"]
[Site "Toronto CAN"]
[Date "1988.04.24"]
[Round "11"]
[White "Fuster, Geza"]
[Black "Pacey, Kevin"]
[Result "1-0"]
[WhiteElo "2239"]
[BlackElo "2242"]
[PlyCount "69"]
[GameId "2160767912583470"]
[EventDate "1988.??.??"]
[EventCountry "CAN"]
[SourceTitle "EXT 2022"]
[Source "ChessBase"]
[SourceDate "2021.10.06"]
[SourceVersion "1"]
[SourceVersionDate "2021.10.06"]
[SourceQuality "1"]

1. d4 d6 2. c4 g6 3. Nc3 Bg7 4. e4 Nf6 5. f3 O-O 6. Bg5 Nbd7 7. Qd2 c5 8. Nge2 a6 9. d5 Rb8 10. Nc1 Re8 11. Be2 Nb6 12. O-O Bd7 13. a4 Qc7 14. Kh1 e6 15. dxe6 Bxe6 16. b3 Nc8 17. Nd3 Ne7 18. f4 Kh8 19. Rad1 b5 20. axb5 axb5 21. e5 dxe5 22. fxe5 Nd7 23. Nxb5 Rxb5 24. cxb5 Bxb3 25. Rc1 Nf5 26. Qc3 Nd4 27. Qxd4 Bxe5 28. Nxe5 Qxe5 29. Qxe5+ Rxe5 30. Bg4 f5 31. Bf4 Re4 32. Rce1 Rxf4 33. Rxf4 fxg4 34. Re7 g5 35. Rf2 1-0

[Event "Toronto int. U2100"]
[Site "Toronto CAN"]
[Date "1998.05.15"]
[Round "1"]
[White "Meng, Ang"]
[Black "Veltmann, Alfred"]
[Result "1-0"]
[WhiteElo "2090"]
[BlackElo "1981"]
[PlyCount "68"]
[GameId "2160767912586318"]
[EventDate "1988.05.15"]
[EventType "swiss"]
[EventRounds "7"]
[EventCountry "CAN"]

1. e4 e5 2. Nf3 Nc6 3. d4 exd4 4. c3 Nf6 5. e5 Nd5 6. Bb5 a6 7. Ba4 Be7 8. O-O O-O 9. cxd4 d6 10. Nc3 Nb6 11. Bxc6 bxc6 12. Qc2 Bb7 13. Bf4 h6 14. Rad1 Qc8 15. Rfe1 d5 16. Ne2 Qg4 17. Bg3 g5 18. Nc3 Qe6 19. h3 Kg7 20. Nh2 Rh8 21. Ng4 Rac8 22. Nf6 Kf8 23. h4 Nd7 24. Nxd7+ Qxd7 25. e6 Qe8 26. exf7 Qxf7 27. Re3 g4 28. f3 Bd6 29. fxg4 Qh7 30. Rc1 Rg8 31. Qe2 Qd7 32. Bxd6+ Qxd6 33. Rf1+ Kg7 34. Re6 Qd8 1-0

[Event "Toronto int. U2100"]
[Site "Toronto CAN"]
[Date "1998.05.16"]
[Round "2"]
[White "Takov, Chris"]
[Black "Veltmann, Alfred"]
[Result "1-0"]
[WhiteElo "1998"]
[BlackElo "1981"]
[PlyCount "161"]
[GameId "2160767912586319"]
[EventDate "1988.05.15"]
[EventType "swiss"]
[EventRounds "7"]
[EventCountry "CAN"]

1. Nf3 Nf6 2. c4 c5 3. g3 b6 4. Bg2 Bb7 5. b3 e6 6. Bb2 Be7 7. O-O O-O 8. e3 d5 9. Qe2 dxc4 10. bxc4 Nc6 11. Rd1 Qc7 12. d4 Rad8 13. Nc3 Ba6 14. a4 Na5 15. Nb5 Qb8 16. dxc5 Nb3 17. Be5 Qc8 18. cxb6 Nxa1 19. Rxa1 axb6 20. Ng5 Qd7 21. Qc2 g6 22. Bh3 Ne8 23. Qb2 Qc8 24. Nd4 Bxg5 25. Qxb6 Bf6 26. Bxf6 Nxf6 27. Nxe6 Qb7 28. Qxb7 Bxb7 29. Nxd8 Rxd8 30. a5 Ne8 31. a6 Ra8 32. a7 Nc7 33. f4 Kg7 34. Bg2 Bxg2 35. Kxg2 Kf8 36. Kf3 Ke7 37. e4 Kd6 38. Kg4 h6 39. e5+ Kc6 40. f5 Kb7 41. h4 Rd8 42. fxg6 fxg6 43. Ra4 Rf8 44. h5 g5 45. Ra5 Kb6 46. a8=Q Nxa8 47. Rd5 Nc7 48. Rd6+ Kc5 49. Rxh6 Kd4 50. Rc6 Ne8 51. e6 Ke5 52. Kxg5 Rg8+ 53. Kh4 Nf6 54. e7 Rg4+ 55. Kh3 Rg8 56. h6 Rh8 57. Kg2 Re8 58. Rc7 Rh8 59. c5 Kd5 60. g4 Rxh6 61. Rc8 Rg6 62. Kf3 Rg7 63. e8=Q Nxe8 64. Rxe8 Kxc5 65. Re2 Rf7+ 66. Kg3 Kc6 67. g5 Rd7 68. Re8 Rd4 69. g6 Kd7 70. g7 Rd6 71. Rd8+ Kxd8 72. g8=Q+ Ke7 73. Kf4 Kf6 74. Qf8+ Ke6 75. Qe8+ Kd5 76. Qa8+ Rc6 77. Kf5 Kd6 78. Kf6 Rc7 79. Qa3+ Rc5 80. Qd3+ Kc6 81. Ke6 1-0

[Event "Toronto int. U2100"]
[Site "Toronto CAN"]
[Date "1998.05.17"]
[Round "4"]
[White "Veltmann, Alfred"]
[Black "Lacombe, Simon"]
[Result "0-1"]
[WhiteElo "1981"]
[BlackElo "2151"]
[PlyCount "38"]
[GameId "2160767912586320"]
[EventDate "1988.05.15"]
[EventType "swiss"]
[EventRounds "7"]
[EventCountry "CAN"]

1. e4 e6 2. d4 d5 3. Nd2 c5 4. Ne2 Nc6 5. exd5 exd5 6. Nf3 Nf6 7. c3 Bg4 8. Ne5 Nxe5 9. dxe5 Ne4 10. Bf4 g5 11. f3 gxf4 12. fxe4 Qh4+ 13. Kd2 O-O-O 14. Qe1 dxe4+ 15. Kc2 Qg5 16. Rc1 Bh6 17. Kb1 f3 18. gxf3 exf3 19. Ng3 f2 0-1

[Event "Toronto int. U2100"]
[Site "Toronto CAN"]
[Date "1998.05.17"]
[Round "5"]
[White "Bray, Blaine"]
[Black "Veltmann, Alfred"]
[Result "1-0"]
[WhiteElo "1986"]
[BlackElo "1981"]
[PlyCount "74"]
[GameId "2160767912586321"]
[EventDate "1988.05.15"]
[EventType "swiss"]
[EventRounds "7"]
[EventCountry "CAN"]

1. e4 e5 2. Nc3 Nc6 3. Nf3 d6 4. d4 Nxd4 5. Nxd4 exd4 6. Qxd4 Qf6 7. Qc4 c6 8. Qb3 Qg6 9. Be3 Nf6 10. Bc4 Nd7 11. Rg1 Ne5 12. Be2 Qe6 13. h3 Be7 14. f4 Bh4+ 15. Bf2 Bxf2+ 16. Kxf2 Qxb3 17. axb3 Ng6 18. Kg3 O-O 19. Rad1 Rd8 20. Rd2 f5 21. e5 d5 22. Na4 b6 23. b4 Nf8 24. b5 Bd7 25. Nc3 Ne6 26. Bf3 Nc5 27. bxc6 Bxc6 28. Nxd5 Kf8 29. Rgd1 Ne4+ 30. Bxe4 fxe4 31. Kf2 Rd7 32. Ke3 Rad8 33. Kxe4 b5 34. e6 Bxd5+ 35. Rxd5 Rxd5 36. Rxd5 Rxd5 37. Kxd5 Ke7 1-0

[Event "Toronto int. U2100"]
[Site "Toronto CAN"]
[Date "1998.05.18"]
[Round "6"]
[White "Vassanji, Anil"]
[Black "Veltmann, Alfred"]
[Result "1-0"]
[WhiteElo "1899"]
[BlackElo "1981"]
[PlyCount "75"]
[GameId "2160767912586322"]
[EventDate "1988.05.15"]
[EventType "swiss"]
[EventRounds "7"]
[EventCountry "CAN"]

1. Nf3 Nf6 2. g3 e6 3. Bg2 d5 4. O-O Be7 5. d3 O-O 6. Nbd2 Nc6 7. c4 h6 8. a3 a5 9. b3 Rb8 10. Qc2 Bd7 11. Bb2 b6 12. Ne5 Nxe5 13. Bxe5 Bd6 14. Bxd6 cxd6 15. cxd5 Rc8 16. Qb2 Nxd5 17. Bxd5 exd5 18. Rfc1 Qe7 19. e3 Be6 20. Qd4 Qf6 21. Qxf6 gxf6 22. Nf3 Bf5 23. Ne1 Rc5 24. b4 Rcc8 25. Kf1 Rfe8 26. Ke2 Bd7 27. Kd2 Kf8 28. Rxc8 Rxc8 29. Rc1 Rxc1 30. Kxc1 axb4 31. axb4 Ke7 32. Ng2 Ke6 33. Nf4+ Ke5 34. Kd2 Be6 35. Ke2 Bg4+ 36. f3 Be6 37. d4+ Kf5 38. h4 1-0

[Event "Toronto int. U2100"]
[Site "Toronto CAN"]
[Date "1998.05.18"]
[Round "7"]
[White "Veltmann, Alfred"]
[Black "Streegan, Michael"]
[Result "1-0"]
[WhiteElo "1981"]
[BlackElo "2064"]
[PlyCount "27"]
[GameId "2160767912586323"]
[EventDate "1988.05.15"]
[EventType "swiss"]
[EventRounds "7"]
[EventCountry "CAN"]

1. e4 d6 2. d4 Nf6 3. Nc3 g6 4. Nf3 Bg7 5. Bc4 O-O 6. O-O c6 7. Bb3 Nbd7 8. Be3 e5 9. dxe5 dxe5 10. Qd2 Re8 11. a3 Qe7 12. Rad1 a5 13. Ng5 b5 14. Bxf7+ 1-0

[Event "Toronto op"]
[Site "Toronto CAN"]
[Date "1988.04.02"]
[Round "3"]
[White "Wolf, Danny"]
[Black "Pacey, Kevin"]
[Result "1-0"]
[WhiteElo "2055"]
[BlackElo "2242"]
[PlyCount "79"]
[GameId "2160767912586425"]
[EventDate "1988.04.01"]
[EventType "swiss"]
[EventRounds "6"]
[EventCountry "CAN"]

1. e4 d6 2. d4 Nf6 3. Bd3 e5 4. Ne2 Nc6 5. c3 g6 6. O-O Bg7 7. f4 O-O 8. fxe5 dxe5 9. d5 Ne7 10. Bg5 Ne8 11. Ng3 c6 12. dxc6 Qb6+ 13. Kh1 Nxc6 14. Qc1 Be6 15. Na3 Nd6 16. Qd2 f6 17. Be3 Qc7 18. Qe2 Na5 19. b3 f5 20. exf5 gxf5 21. Rac1 Rae8 22. Nh5 Bh8 23. Bh6 Rf7 24. Nb5 Nxb5 25. Bxb5 Nc6 26. Bc4 Qe7 27. Rf3 f4 28. g3 Bg4 29. Rg1 e4 30. gxf4 exf3 31. Rxg4+ Bg7 32. Bxf7+ Qxf7 33. Rxg7+ Kh8 34. Qxf3 Re1+ 35. Kg2 Qe6 36. Kf2 Ne7 37. Qd3 Nf5 38. Rxb7 Rf1+ 39. Kxf1 Ne3+ 40. Qxe3 1-0

[Event "Toronto op"]
[Site "Toronto CAN"]
[Date "1988.04.02"]
[Round "4"]
[White "Pacey, Kevin"]
[Black "Mee, John"]
[Result "1-0"]
[WhiteElo "2242"]
[BlackElo "2048"]
[PlyCount "53"]
[GameId "2160767912586426"]
[EventDate "1988.04.01"]
[EventType "swiss"]
[EventRounds "6"]
[EventCountry "CAN"]

1. e4 g6 2. d4 Bg7 3. Nc3 c6 4. h3 d5 5. e5 h5 6. Bd3 Nh6 7. Nge2 Bf5 8. Bxh6 Bxd3 9. Bxg7 Bxe2 10. Qxe2 Rh7 11. e6 Rxg7 12. O-O-O Qd6 13. exf7+ Rxf7 14. Rd2 Nd7 15. Re1 O-O-O 16. Qe6 Qxe6 17. Rxe6 Nf8 18. Re3 Re8 19. Na4 b6 20. b3 e6 21. Nb2 c5 22. dxc5 bxc5 23. Rxd5 exd5 24. Rxe8+ Kd7 25. Ra8 Rxf2 26. Nd3 Ne6 27. Nxf2 1-0

[Event "Toronto op"]
[Site "Toronto CAN"]
[Date "1988.04.03"]
[Round "5"]
[White "Campbell, Brett"]
[Black "Spraggett, Grant"]
[Result "1-0"]
[WhiteElo "2368"]
[BlackElo "2264"]
[PlyCount "91"]
[GameId "2160767912586427"]
[EventDate "1988.04.01"]
[EventType "swiss"]
[EventRounds "6"]
[EventCountry "CAN"]
[SourceTitle "CFC 1988.06"]

1. c4 Nf6 2. Nc3 g6 3. e4 e5 4. g3 d6 5. Bg2 Bg7 6. Nge2 O-O 7. O-O c6 8. d3 Be6 9. h3 Qd7 10. Kh2 Na6 11. f4 Ne8 12. b3 Rd8 13. d4 exd4 14. Nxd4 f5 15. exf5 Bxf5 16. g4 Be6 17. Be3 Nc5 18. Qd2 a5 19. Rad1 Nc7 20. Nce2 Rfe8 21. Bf2 a4 22. Qc2 axb3 23. axb3 N7a6 24. Be1 Qf7 25. f5 Bc8 26. Ba5 Be5+ 27. Kh1 g5 28. b4 Nd7 29. Bxd8 Rxd8 30. Ne6 Re8 31. b5 Nb4 32. Qd2 c5 33. Qxg5+ Kh8 34. Nd8 Qf8 35. Ne6 Qf7 36. N2f4 Nf6 37. Qh6 Ng8 38. Qh4 Ne7 39. Be4 Bxf4 40. Rxf4 d5 41. Bb1 b6 42. Ng5 Qg8 43. Qh5 Rf8 44. f6 Ng6 45. f7 Qg7 46. Rf6 1-0

[Event "Toronto op"]
[Site "Toronto CAN"]
[Date "1988.04.03"]
[Round "5"]
[White "Frilles, Ruperto"]
[Black "Taylor, Gordon"]
[Result "0-1"]
[WhiteElo "2342"]
[BlackElo "2190"]
[PlyCount "62"]
[GameId "2160767912586428"]
[EventDate "1988.04.01"]
[EventType "swiss"]
[EventRounds "6"]
[EventCountry "CAN"]
[SourceTitle "CFC 1988.06"]

1. d4 Nf6 2. g3 d5 3. Bg2 e6 4. Nf3 c5 5. c3 b6 6. O-O Bd6 7. a4 O-O 8. Nbd2 Nc6 9. Re1 Bb7 10. e3 Rc8 11. b3 e5 12. Bb2 cxd4 13. exd4 e4 14. Nh4 Qd7 15. Bf1 Rfe8 16. Ng2 Ng4 17. h3 Nxf2 18. Kxf2 Qxh3 19. Re3 Re6 20. Nf4 Qh2+ 21. Bg2 Bxf4 22. gxf4 Qxf4+ 23. Ke2 Nxd4+ 24. cxd4 Ba6+ 25. Nc4 dxc4 26. b4 c3+ 27. b5 cxb2 28. Rb1 Qh2 29. Qh1 Rc2+ 30. Kd1 Qc7 31. Qh4 Rc1+ 0-1

[Event "Toronto op"]
[Site "Toronto CAN"]
[Date "1988.04.03"]
[Round "5"]
[White "Hartman, Brian"]
[Black "Reeve, Jeff"]
[Result "0-1"]
[WhiteElo "2401"]
[BlackElo "2371"]
[PlyCount "90"]
[GameId "2160767912586429"]
[EventDate "1988.04.01"]
[EventType "swiss"]
[EventRounds "6"]
[EventCountry "CAN"]
[SourceTitle "CFC 1988.06"]

1. e4 c5 2. Nf3 d6 3. d4 cxd4 4. Nxd4 Nf6 5. Nc3 g6 6. Bc4 Bg7 7. Be3 Ng4 8. Bb5+ Kf8 9. O-O Be5 10. Nf3 Nxe3 11. fxe3 Bxc3 12. bxc3 Kg7 13. Qd4+ f6 14. Qd5 Nd7 15. Bxd7 Qxd7 16. Nd4 e6 17. Qc4 a6 18. Rad1 Rd8 19. Rf2 e5 20. Nf3 b5 21. Qb4 a5 22. Qa3 Bb7 23. Nd2 Qc6 24. Rdf1 Rf8 25. Qb3 a4 26. Qb4 Rac8 27. Rb1 Ba6 28. Qa5 Rb8 29. Nf1 Rb6 30. Rd2 Rfb8 31. Rbd1 Rc8 32. a3 Bb7 33. Rb1 Ra8 34. Qb4 Qxe4 35. c4 Rc8 36. Qa5 Rbc6 37. Rxb5 Rxc4 38. Qa7 R8c7 39. Ng3 Qc6 40. Qa5 Rxc2 41. Rb6 Qxg2+ 42. Rxg2 Rxg2+ 43. Kf1 Rc1+ 44. Qe1 Rxe1+ 45. Kxe1 Bf3 0-1

[Event "Toronto op"]
[Site "Toronto CAN"]
[Date "1988.04.03"]
[Round "5"]
[White "Pacey, Kevin"]
[Black "Paterson, Jim"]
[Result "1-0"]
[WhiteElo "2242"]
[BlackElo "2046"]
[PlyCount "103"]
[GameId "2160767912586430"]
[EventDate "1988.04.01"]
[EventType "swiss"]
[EventRounds "6"]
[EventCountry "CAN"]

1. e4 c5 2. Nf3 d6 3. d4 cxd4 4. Nxd4 Nf6 5. Nc3 e5 6. Bb5+ Bd7 7. Bxd7+ Qxd7 8. Nf3 Nc6 9. Bg5 Be7 10. O-O O-O 11. Bxf6 Bxf6 12. Nd5 Bd8 13. Ne3 Qe6 14. Qd5 Qxd5 15. Nxd5 f5 16. Rfe1 fxe4 17. Rxe4 Ne7 18. Rd1 Rc8 19. c3 Rc5 20. Ne3 Bc7 21. Rc4 Rxc4 22. Nxc4 e4 23. Nd4 d5 24. Ne6 dxc4 25. Nxf8 Kxf8 26. Rd7 Bb6 27. Kf1 Nc6 28. Rxb7 Ne5 29. Rb8+ Kf7 30. Rc8 Kf6 31. b3 cxb3 32. axb3 Ng4 33. c4 Nxh2+ 34. Ke2 Ke7 35. f3 exf3+ 36. gxf3 Kd7 37. Rf8 Ke7 38. Rh8 h6 39. b4 Bd4 40. c5 a5 41. c6 Bb6 42. Rb8 Bc7 43. Rb7 Kd6 44. b5 g5 45. b6 Bxb6 46. Rxb6 g4 47. f4 h5 48. f5 Nf3 49. f6 Ne5 50. Rb5 Nxc6 51. Rb6 Kd7 52. Rxc6 1-0

[Event "Toronto op"]
[Site "Toronto CAN"]
[Date "1988.04.03"]
[Round "6"]
[White "Cox, Daniel"]
[Black "Pacey, Kevin"]
[Result "0-1"]
[WhiteElo "1840"]
[BlackElo "2242"]
[PlyCount "70"]
[GameId "2160767912586431"]
[EventDate "1988.04.01"]
[EventType "swiss"]
[EventRounds "6"]
[EventCountry "CAN"]

1. e4 d6 2. d4 Nf6 3. Nc3 g6 4. Nf3 Bg7 5. Be2 O-O 6. O-O Bg4 7. Be3 Nc6 8. d5 Bxf3 9. Bxf3 Ne5 10. Be2 c6 11. f4 Ned7 12. Bf3 cxd5 13. Nxd5 Nxd5 14. Qxd5 Rc8 15. c3 Nb6 16. Qxb7 Nc4 17. Bd4 e5 18. fxe5 dxe5 19. Bf2 Rc7 20. Qb5 Qc8 21. Be2 Nd2 22. Rfd1 Nxe4 23. Be3 Rb7 24. Qd5 Rxb2 25. Qxe4 Rxe2 26. Qf3 Qa6 27. c4 Qxc4 28. Rdc1 Rc2 29. Rxc2 Qxc2 30. Bxa7 e4 31. Qd1 Qc7 32. Be3 Bxa1 33. Qxa1 Rd8 34. Bh6 Qc5+ 35. Kh1 Qd4 0-1

[Event "U of Alberta op"]
[Site "Edmonton CAN"]
[Date "1988.??.??"]
[Round "?"]
[White "Frialde, Arniel"]
[Black "Sharp, Neil"]
[Result "1-0"]
[WhiteElo "2212"]
[BlackElo "2149"]
[PlyCount "67"]
[GameId "2160767912586175"]
[EventDate "1988.07.??"]
[EventCountry "CAN"]

1. d4 d5 2. c4 c6 3. Nf3 Nf6 4. Nc3 e6 5. Bg5 dxc4 6. e3 b5 7. a4 Bb4 8. Bxf6 gxf6 9. g3 Bb7 10. Bg2 Nd7 11. O-O Qb6 12. Nd2 O-O-O 13. Qh5 Rdf8 14. a5 Qd8 15. Nxb5 f5 16. a6 Ba8 17. Nxa7+ Kc7 18. Nxc4 Nf6 19. Qd1 Nd5 20. Bxd5 Qxd5 21. Rc1 Rb8 22. f3 f6 23. Rf2 h5 24. h4 Rhg8 25. Kh2 Rg7 26. Qc2 Kd8 27. e4 fxe4 28. fxe4 Qd7 29. Rxf6 Qxa7 30. Qf2 Kd7 31. Rf1 Qxa6 32. Rf7+ Kd8 33. Rxg7 Qxc4 34. Qf8+ 1-0

[Event "Val d'Or"]
[Site "Val d'Or CAN"]
[Date "1988.11.19"]
[Round "1"]
[White "Gagnon, Fabien"]
[Black "Brassard, Yves"]
[Result "1-0"]
[WhiteElo "1766"]
[BlackElo "1348"]
[PlyCount "65"]
[GameId "2160767912520188"]
[EventDate "1988.11.19"]
[EventType "swiss"]
[EventRounds "4"]
[EventCountry "CAN"]

1. e4 e6 2. d4 d5 3. Nc3 Bb4 4. e5 c5 5. a3 Bxc3+ 6. bxc3 Ne7 7. Nf3 Nbc6 8. a4 Bd7 9. Ba3 c4 10. Be2 Qa5 11. Qd2 h6 12. O-O O-O-O 13. Rfb1 a6 14. Bc5 Qc7 15. a5 Be8 16. Qc1 Rd7 17. Qa3 Nf5 18. g4 Nfe7 19. Rb6 Nd8 20. Bd6 Rxd6 21. exd6 Qd7 22. Ne5 Qa4 23. Qxa4 Bxa4 24. dxe7 Bxc2 25. exd8=Q+ Rxd8 26. Nxf7 Rd7 27. Ne5 Re7 28. Bd1 Be4 29. Ba4 h5 30. f3 Bh7 31. Bd7+ Rxd7 32. Nxd7 Kxd7 33. Rxb7+ 1-0

[Event "Val d'Or"]
[Site "Val d'Or CAN"]
[Date "1988.11.19"]
[Round "2"]
[White "Piche, Andre"]
[Black "Gagnon, Fabien"]
[Result "0-1"]
[WhiteElo "1400"]
[BlackElo "1766"]
[PlyCount "52"]
[GameId "2160767912520189"]
[EventDate "1988.11.19"]
[EventType "swiss"]
[EventRounds "4"]
[EventCountry "CAN"]

1. e4 c5 2. Nf3 Nc6 3. d4 cxd4 4. Nxd4 Nf6 5. Nc3 d6 6. Bb5 Bd7 7. O-O g6 8. Re1 Bg7 9. Nxc6 bxc6 10. Bc4 O-O 11. Bf4 Qa5 12. Qd3 Rfd8 13. e5 Bf5 14. Qe2 Ng4 15. exd6 exd6 16. Bxd6 Rxd6 17. Bxf7+ Kh8 18. Qe7 Rd7 19. Qe2 Rxf7 20. Qc4 Raf8 21. b4 Qb6 22. Re2 Nxf2 23. Rf1 Ne4+ 24. Kh1 Nxc3 25. Ref2 Ne4 26. Re2 Be6 0-1

[Event "Val d'Or"]
[Site "Val d'Or CAN"]
[Date "1988.11.20"]
[Round "3"]
[White "Gagnon, Fabien"]
[Black "Zebic, Richard"]
[Result "1-0"]
[WhiteElo "1766"]
[BlackElo "1790"]
[PlyCount "129"]
[GameId "2160767912520190"]
[EventDate "1988.11.19"]
[EventType "swiss"]
[EventRounds "4"]
[EventCountry "CAN"]

1. e4 e5 2. Nf3 Nf6 3. d3 Nc6 4. g3 d5 5. Nbd2 Bc5 6. Bg2 Bg4 7. h3 Be6 8. c3 Bb6 9. b4 a6 10. a4 d4 11. c4 Nd7 12. a5 Ba7 13. Ba3 f6 14. Nh4 Ne7 15. O-O O-O 16. Qe2 f5 17. exf5 Nxf5 18. Nxf5 Bxf5 19. g4 c6 20. gxf5 Rxf5 21. Ne4 Bb8 22. Qg4 Rf4 23. Qe6+ Kh8 24. Bc1 Nf8 25. Qg4 Rxg4 26. hxg4 Ne6 27. c5 Bc7 28. Bf3 Qf8 29. Kg2 Nf4+ 30. Bxf4 Qxf4 31. Rh1 Rf8 32. Rh3 Bd8 33. Rah1 h6 34. Be2 Kg8 35. Kf1 Qc1+ 36. Kg2 Qc2 37. Bf3 Qb2 38. g5 Rxf3 39. Kxf3 Qb3 40. Kg2 Bxg5 41. Nxg5 hxg5 42. Re1 Qxb4 43. Rxe5 Qxa5 44. Rxg5 Qc7 45. Rgh5 Kf7 46. Rf3+ Kg8 47. Rhf5 Qe7 48. R3f4 g6 49. Rf6 Kg7 50. Rd6 Qg5+ 51. Kf3 Qxc5 52. Rfxd4 Qh5+ 53. Ke3 Qh3+ 54. Ke2 Qh5+ 55. Kf1 Qf5 56. Re4 Qc8 57. Ree6 b5 58. Rxc6 Qb7 59. Rxg6+ Kh7 60. Rxa6 b4 61. Ke2 Qb5 62. Rgd6 Qb8 63. Rd7+ Kg8 64. Rad6 Kf8 65. Rd8+ 1-0